Community living, state intervention and housing cooperatives (Record no. 10186)

000 -LEADER
fixed length control field 00404pab a2200157 454500
008 - FIXED-LENGTH DATA ELEMENTS--GENERAL INFORMATION
fixed length control field 180718b1990 xxu||||| |||| 00| 0 eng d
100 ## - MAIN ENTRY--PERSONAL NAME
Personal name Bijlani, H.U
245 ## - TITLE STATEMENT
Title Community living, state intervention and housing cooperatives
260 ## - PUBLICATION, DISTRIBUTION, ETC.
Date of publication, distribution, etc. 1990
300 ## - PHYSICAL DESCRIPTION
Extent 90-9
362 ## - DATES OF PUBLICATION AND/OR SEQUENTIAL DESIGNATION
Dates of publication and/or sequential designation Jul.-Dec.
650 ## - SUBJECT ADDED ENTRY--TOPICAL TERM
Topical term or geographic name entry element Housing, Cooperative - India
700 ## - ADDED ENTRY--PERSONAL NAME
Personal name P.S.N. Rao
773 ## - HOST ITEM ENTRY
Main entry heading Urban India
909 ## -
-- 10186
Holdings
Withdrawn status Lost status Damaged status Not for loan Permanent Location Current Location Date acquired Serial Enumeration / chronology Barcode Date last seen Price effective from Koha item type
        Indian Institute of Public Administration Indian Institute of Public Administration 2018-07-19 Volume no: 10, Issue no: 2 AR10215 2018-07-19 2018-07-19 Articles

Powered by Koha